Normal view
MARC view
Entry Geographic Name
001 - CONTROL NUMBER
- control field: 5538
003 - CONTROL NUMBER IDENTIFIER
- control field: ARRUPE
005 - DATE AND TIME OF LATEST TRANSACTION
- control field: 20131211164107.0
008 - FIXED-LENGTH DATA ELEMENTS
- fixed length control field: 131211|| aca||aabn | a|a d
040 ## - CATALOGING SOURCE
- Original cataloging agency: ARRUPE
- Transcribing agency: ARRUPE
151 ## - HEADING--GEOGRAPHIC NAME
- Geographic name: Zambia
- General subdivision: Religion.
670 ## - SOURCE DATA FOUND
- Source citation: Work cat.: (ARRUPE)0: Dillon-Malone, Clive M. (Clive Mary) 5535, Zambian humanism, religion, and social morality /, c1989